| 000 | 00809nam a2200265Ia 4500 | ||
|---|---|---|---|
| 008 | 100315s9999 xx 000 0 und d | ||
| 020 | _a978-81-7194-456-9 | ||
| 040 | _cENGLISH | ||
| 082 |
_b6642 _a343.05 |
||
| 100 | _a"Singhania, Vinod K., Singhania,Kapil " | ||
| 245 | _aDirect Taxes : Law & Practice | ||
| 250 | _a39th | ||
| 260 |
_aNew Delhi _bTaxmann _c2007 |
||
| 300 | _a1415p | ||
| 365 |
_eRupees _d1 _b472.50 |
||
| 366 | _f10 | ||
| 505 | _gRashmi Bhutkar | ||
| 530 |
_bBG-(Pranaya Book Services) 164/02-07-2008 _a164/02-07-2008 |
||
| 536 | _a01/04/2008-31/03/2009 | ||
| 620 | _a"Income-tax, Wealth tax, Tax planning " | ||
| 630 | _aDirect Taxes : Law & Practice | ||
| 650 | _aTaxes | ||
| 730 | _aDirect Taxes : Law & Practice | ||
| 942 | _cBOOK | ||
| 999 |
_c481377 _d481374 |
||